La Tierra /
La Tierra cuenta la notable historia de tres familias de animales y sus asombrosos viajes a través del planeta que llamamos nuestro hogar. La Tierra combina acción inusual, una escala inimaginable y locaciones inaccesibles, al captar los momentos íntimos de algunas de las criaturas más salvajes y el...
Guardado en:
| Autor Principal: | |
|---|---|
| Autor Corporativo: | |
| Formato: | |
| Publicado: |
Estados Unidos,
2007.
|
| Materias: | |
| Etiquetas: |
Agregar Etiqueta
Sin Etiquetas, Sea el primero en etiquetar este registro!
|
| LEADER | 01357ngm a22002895g 4500 | ||
|---|---|---|---|
| 001 | CEM.cems023259 | ||
| 008 | 130507s2007##################0###0#####d | ||
| 005 | 20250221142420.0 | ||
| 245 | 1 | 0 | |a La Tierra / |c Alastair Fothergill. |
| 260 | |a Estados Unidos, |c 2007. | ||
| 300 | |a 90'. | ||
| 500 | |a Consultar en ventanilla. | ||
| 520 | |a La Tierra cuenta la notable historia de tres familias de animales y sus asombrosos viajes a través del planeta que llamamos nuestro hogar. La Tierra combina acción inusual, una escala inimaginable y locaciones inaccesibles, al captar los momentos íntimos de algunas de las criaturas más salvajes y elusivas del planeta. Los directores Alastair Fothergill y Mark Linfield, el elogiado equipo creativo responsable de la serie para televisión "Planet Earth" ganadora del premio Emmy, nuevamente aúna fuerzas para llevar a la pantalla de cine esta aventura épica.¦600Lindfield, Mark | ||
| 538 | |a Soporte: DVD - Color: Si - Grabación DRD | ||
| 100 | 1 | |a Fothergill, Alastair | |
| 710 | 2 | |a BBC. | |
| 082 | 5 | 9 | |/ FOT |
| 653 | |a LA TIERRA | ||
| 653 | |a ZOOLOGIA | ||
| 653 | |a FAUNA TERRESTRE | ||
| 653 | |a FAUNA | ||
| 653 | |a ANIMALES | ||
| 653 | |a MUNDO ANIMAL | ||
| 653 | |a NIVEL SECUNDARIO | ||
| 653 | |a SERIE | ||
| 653 | |a DOCUMENTAL | ||
| 859 | |a CEMS |b BIB. CEMS - Depto. Recursos Didacticos |h 590 |i FOT |k DRD |p 1902.14 |t Ej.1 | ||
